| Поле | Инд. | ПП | Название | Значение |
|---|---|---|---|---|
| Тип записи | a | |||
| Библиографический уровень | m | |||
| 001 | Контрольный номер | 52090344a34b4cae921484071bff75ae | ||
| 005 | Дата корректировки | 20260427102454.4 | ||
| 020 | a | ISBN | 978-5-9775-2096-6 | |
| c | Цена, тираж | 69-10 | ||
| 040 | b | Код языка каталог. | rus | |
| e | Правила каталог. | PSBO | ||
| 041 | 0_ | a | Код языка текста | rus |
| 080 | a | Индекс УДК | 004.43 | |
| 084 | a | Индекс другой классификации/Индекс ББК | 32.973.2 | |
| 090 | a | Полочн. индекс | 681.3 | |
| x | Авторский знак | П35 | ||
| 097 | b | Оператор | 03 | |
| 100 | 1_ | a | Автор | Питерс Т. |
| 245 | 10 | a | Заглавие | Программирование бэкенда на Python. Практическое руководство |
| b | Продолж. заглавия | пер. с англ. | ||
| 260 | a | Место издания | Санкт-Петербург | |
| b | Издательство | БХВ-Петербург | ||
| c | Дата издания | 2025 | ||
| 300 | a | Объем | 288 с. | |
| b | Иллюстрации/ тип воспроизводства | ил. | ||
| 336 | a | Термин вида содержания | Текст | |
| 337 | a | Термин типа средства | непосредственный | |
| 510 | 0_ | a | Примечание о ссылках | Книги и методические пособия |
| 650 | 04 | a | Основная рубрика | 50.05 Теоретические основы программирования |
| x | Основная подрубрика | 50.05.09 Языки программирования | ||
| 653 | 0_ | a | Ключевые слова | Python; веб-приложения; Flask; базы данных; MySQL; PostgreSQL; микросервисы; брокеры сообщений; программирование бэкенда; Kubernetes |
| 900 | a | Имя электронного ресурса | Питерс - Программирование бэкенда на Python (001) | |
| 900 | a | Имя электронного ресурса | Питерс - Программирование бэкенда на Python | |
| 901 | t | Тип документа | m |